[Event "Hradec Kralove op"]
[Site "Hradec Kralove"]
[Date "2014.10.18"]
[Round "1"]
[White "Gregor, Jiri1111"]
[Black "Vlckova, Katerina"]
[Result "0-1"]
[WhiteElo "1655"]
[BlackElo "1997"]
[PlyCount "50"]
[EventDate "2014.10.18"]
[EventType "swiss"]
[EventRounds "9"]
[EventCountry "CZE"]
[SourceTitle "EXT 2015"]
[Source "ChessBase"]
[SourceDate "2014.11.20"]
[SourceVersion "1"]
[SourceVersionDate "2014.11.20"]
[SourceQuality "1"]

1. d4 Nf6 2. Nf3 g6 3. Bf4 Bg7 4. c3 0-0 5. h3 b6 6. e3 Bb7 7. Bd3 d6 8. 0-0 Nbd7 9. Bc2 Re8 10. Bh2 e5 11. dxe5 dxe5 12. Nbd2 e4 13. Nd4 c5 14. Nb5 Ne5 15. c4 a6 16. Bxe5 Rxe5 17. Nc3 Qc7 18. Qe2 Rae8 19. Rfd1 Rg5 20. f4 exf3 21. Nxf3 Rg3 22. Rf1 Nh5 23. Qe1 Bxf3 24. Rxf3 Rxf3 25. gxf3 Rxe3 0-1

[Event "CZE-chT2D 1314"]
[Site "Czech Republic"]
[Date "2014.04.06"]
[Round "11.6"]
[White "Vlckova, Katerina"]
[Black "Reichel, Tomas"]
[Result "1/2-1/2"]
[WhiteElo "1887"]
[BlackElo "1927"]
[PlyCount "63"]
[EventDate "2013.11.03"]
[EventType "team-tourn"]
[EventRounds "11"]
[EventCountry "CZE"]
[SourceTitle "EXT 2016"]
[Source "ChessBase"]
[SourceDate "2015.10.08"]
[SourceVersion "1"]
[SourceVersionDate "2015.10.08"]
[SourceQuality "1"]
[WhiteTeam "Polabiny III"]
[BlackTeam "Havlickuv Brod"]
[WhiteTeamCountry "CZE"]
[BlackTeamCountry "CZE"]

1. d4 d5 2. c4 e5 3. cxd5 Qxd5 4. dxe5 Qxd1+ 5. Kxd1 Nc6 6. Bf4 Bf5 7. Nd2 0-0-0 8. a3 Nge7 9. e3 Ng6 10. Bg5 Rd7 11. Ngf3 Ncxe5 12. Bb5 c6 13. Nxe5 Nxe5 14. Rc1 Nd3 15. Bxd3 Bxd3 16. Rc3 h6 17. Bf4 f6 18. h4 Be7 19. Kc1 Rhd8 20. h5 Be2 21. e4 Bd6 22. Bxd6 Rxd6 23. Nc4 Rd4 24. Ne3 Rxe4 25. f3 Re5 26. Ng4 Red5 27. Ne3 Rd3 28. Rxd3 Bxd3 29. Rd1 c5 30. b3 b5 31. Kb2 Bh7 32. Rc1 1/2-1/2

[Event "CZE-chT2D 1314"]
[Site "Czech Republic"]
[Date "2013.11.03"]
[Round "1.8"]
[White "Volf, Jaroslav"]
[Black "Vlckova, Katerina"]
[Result "1/2-1/2"]
[WhiteElo "2087"]
[BlackElo "1887"]
[PlyCount "86"]
[EventDate "2013.11.03"]
[EventType "team-tourn"]
[EventRounds "11"]
[EventCountry "CZE"]
[SourceTitle "EXT 2016"]
[Source "ChessBase"]
[SourceDate "2015.10.08"]
[SourceVersion "1"]
[SourceVersionDate "2015.10.08"]
[SourceQuality "1"]
[WhiteTeam "Usti nad Orlici"]
[BlackTeam "Polabiny III"]
[WhiteTeamCountry "CZE"]
[BlackTeamCountry "CZE"]

1. e4 c5 2. c3 d5 3. exd5 Qxd5 4. d4 Nf6 5. Nf3 Bg4 6. Be2 Nc6 7. 0-0 cxd4 8. cxd4 e6 9. Nc3 Qd7 10. Be3 Bd6 11. h3 Bh5 12. Rc1 0-0 13. Qa4 Rfd8 14. Rfd1 a6 15. a3 b5 16. Qc2 Bg6 17. Bd3 Bxd3 18. Qxd3 Ne7 19. Bg5 Nh5 20. Qe4 h6 21. Qg4 hxg5 22. Qxh5 f6 23. Ne4 Bf4 24. Rc2 Qd5 25. Re1 Nf5 26. g3 Bd6 27. Qg6 Rf8 28. Nfxg5 fxg5 29. Nxg5 Rf6 30. Qh7+ Kf8 31. Qh5 Ke7 32. Rxe6+ Qxe6 33. Nxe6 Kxe6 34. d5+ Kd7 35. Qf3 Raf8 36. Qc3 Ne7 37. f4 Rc8 38. Qd3 Rxc2 39. Qxc2 Nxd5 40. Qd3 Bc5+ 41. Kg2 Kc6 42. Qe4 Rd6 43. f5 Kc7 1/2-1/2

[Event "Nachod op 11th"]
[Site "Nachod"]
[Date "2013.07.01"]
[Round "3"]
[White "Vlckova, Katerina"]
[Black "Horak, Ales"]
[Result "1/2-1/2"]
[WhiteElo "1839"]
[BlackElo "1977"]
[PlyCount "58"]
[EventDate "2013.06.29"]
[EventType "swiss"]
[EventRounds "9"]
[EventCountry "CZE"]
[SourceTitle "CBM 155 Extra"]
[Source "ChessBase"]
[SourceDate "2013.08.26"]
[SourceVersion "1"]
[SourceVersionDate "2013.08.26"]
[SourceQuality "1"]

1. d4 Nf6 2. c4 e6 3. Nf3 Bb4+ 4. Nbd2 b6 5. a3 Bxd2+ 6. Bxd2 0-0 7. Qc2 Bb7 8. e3 d6 9. Bd3 Nbd7 10. 0-0 c5 11. Bc3 h6 12. Nd2 Rc8 13. Rfd1 Qe7 14. b4 Rfd8 15. dxc5 bxc5 16. b5 d5 17. a4 Nb6 18. a5 dxc4 19. Nxc4 Nxc4 20. Bxc4 Nd5 21. Be5 Qg5 22. Bg3 h5 23. h4 Nxe3 24. Qe2 Qg4 25. Rxd8+ Rxd8 26. Qxe3 Qxc4 27. Qg5 Rd7 28. Be5 Qg4 29. Qxg4 hxg4 1/2-1/2

[Event "Hradec Kralove op"]
[Site "Hradec Kralove"]
[Date "2013.05.19"]
[Round "6"]
[White "Vlckova, Katerina"]
[Black "Vacek, Jaroslav"]
[Result "1/2-1/2"]
[WhiteElo "1885"]
[BlackElo "1693"]
[PlyCount "56"]
[EventDate "2013.05.15"]
[EventType "swiss"]
[EventRounds "9"]
[EventCountry "CZE"]
[SourceTitle "CBM 154 Extra"]
[Source "ChessBase"]
[SourceDate "2013.06.25"]
[SourceVersion "2"]
[SourceVersionDate "2013.06.25"]
[SourceQuality "1"]

1. d4 Nf6 2. c4 g6 3. Nc3 d5 4. cxd5 Nxd5 5. Bd2 Nxc3 6. Bxc3 Qd5 7. Nf3 e6 8. g3 Nc6 9. Bg2 Bb4 10. Bxb4 Nxb4 11. Qa4+ Nc6 12. 0-0 Qa5 13. Qxa5 Nxa5 14. Ne5 f6 15. Ng4 Rf8 16. h3 Bd7 17. Rac1 Nc6 18. Rfd1 Rc8 19. e4 e5 20. dxe5 Bxg4 21. hxg4 Nxe5 22. g5 c6 23. Rd6 Ke7 24. Rcd1 fxg5 25. f4 gxf4 26. Bh3 Nf3+ 27. Kf2 Ng5 28. Rd7+ Ke8 1/2-1/2